000 00382nam a22001457a 4500
005 20230706150314.0
008 230706b ||||| |||| 00| 0 eng d
040 _cAACR2
100 _aSingh, Sohini and Allen, Tanu
_914567
245 _aBiology for engineers
260 _aNew Delhi
_bVayu Education
_c2016
300 _aXIX, 371p.
650 _aBiology
_914568
942 _2ddc
_cBK
999 _c194521
_d194521